3文字名字の現役選手(2026) - Statistics

General Stats
  • This quiz has been taken 44 times
    38 since last reset
  • The average score is 18 of 33
Answer Stats
頭文字 現所属 ポジション Answer % Correct
DeNA 投手 佐々木千隼
84%
巨人 外野手 佐々木俊輔
84%
広島 内野手 佐々木泰
84%
ソフトバンク 投手 佐々木明都
84%
西武 投手 佐々木健
84%
ヤクルト 投手 長谷川宙輝
75%
ソフトバンク 投手 長谷川威展
75%
西武 外野手 長谷川信哉
75%
中日 捕手 宇佐見真吾
72%
広島 投手 大瀬良大地
69%
オリックス 投手 宇田川優希
69%
阪神 投手 今朝丸裕喜
66%
阪神 外野手 小野寺暖
63%
ソフトバンク 捕手 谷川原健太
63%
楽天 内野手 小深田大翔
63%
日本ハム 内野手 上川畑大悟
56%
日本ハム 外野手 五十幡亮汰
56%
ソフトバンク 投手 上茶谷大河
53%
中日 投手 松木平優太
50%
西武 投手 甲斐野央
50%
広島 投手 長谷部銀次
47%
楽天 投手 津留﨑大成
47%
巨人 内野手 宇都宮葵星
44%
オリックス 投手 古田島成龍
44%
ヤクルト 内野手 山野辺翔
41%
日本ハム 内野手 奈良間大己
41%
DeNA 内野手 小笠原蒼
38%
オリックス 投手 小木田敦也
38%
楽天 投手 加治屋蓮
38%
DeNA 内野手 高見澤郁魅
31%
巨人 内野手 川原田純平
16%
ソフトバンク 投手 津嘉山憲志郎
13%
ロッテ 投手 永島田輝斗
9%
No matching quizzes found
Score Distribution
Percent of People with Each Score
Percentile by Number Answered
Your Score History
You have not taken this quiz since the last reset